000 00625nam a22002297a 4500
003 UA-OsUOA
001 93265
007 ta
008 20130116b un ||||| |||| 00| 0 ukr d
100 _aВольтер
090 _a821.133.1
_bВ71
942 _cBK
040 _aUA-OsUOA
_bukr
_cUA-OsUOA
_dUA-OsUOA
245 _aОрлеанська діва
_bпоема
300 _a313 с.
955 _a0
041 _aukr
080 _a821.133.1
260 _aК.
_bХудожественная литература
_c1956
650 7 _a82 Література. Літературознавство
_2UDC
999 _c379508
_d379508